000 01319nam0a2200349 4500
001 RU\NLR\bibl\1070544
005 20250615043339.0
010 _a978-5-903449-01-9
_91000
021 _aRU
_b2007-12929
_9688
035 _a(nilc)RSL-KNO-003050987
035 _a(NLR Aleph) 001057776
090 _a919182
_c919182
100 _a20070306d2007 |||y0rusy50 ca
101 0 _arus
102 _aRU
105 _aa |||||||||
106 _ar
200 1 _aСемь программ здоровья
_eспособы естественного самооздоровления
_fР. Ф. Афанасенко
210 _aУфа
_c[б. и.]
_d2007
215 _a40 с.
_cил., табл.
_d21
606 1 _aСамоисцеление
_92149506
_3RU\NLR\auth\661294616
610 0 _aЗдравоохранение. Медицинские науки -- Общая терапия -- Естественная медицина -- Популярные издания
610 0 _aоздоровление организма
686 _aР359.19я9
_2rubbk
686 _aР35
700 1 _aАфанасенко
_bР. Ф.
_gРоберт Федорович
_4070
801 0 _aRU
_bРКП
_c20070306
_grcr
801 1 _aRU
_bРГБ
_c20070306
801 2 _aRU
_bNLR
_c20070409
_grcr
942 _cBOOK
980 _aNB